Movies Quiz

Random Movies or Actress Quiz

Who Played These Famous Villains? Quiz Stats

Quiz not verified by Sporcle

Challenge
Share
Tweet
Embed
Score 0/40 Timer 09:00
0 Plays Today
Villain Actor % Correct
Joker (The Dark Knight - 2008)Heath Ledger
92.1%
Dr. Hannibal Lecter (The Silence of the Lambs - 1991)Anthony Hopkins
90.4%
Sweeney Todd (Sweeney Todd - 2007)Johnny Depp
88.6%
Joker (Batman - 1989)Jack Nicholson
87.7%
Cruella de Vil (101 Dalmations - 1996)Glenn Close
83.3%
Michael Corleone (The Godfather Part II - 1974)Al Pacino
81.6%
Tyler Durden (Fight Club - 1999)Brad Pitt
81.6%
Hans Gruber (Die Hard - 1988)Alan Rickman
78.1%
Annie Wilkes (Misery - 1990)Kathy Bates
77.2%
Norman Bates (Psycho - 1960)Anthony Perkins
73.7%
Commodus (Gladiator - 2000)Joaquin Phoenix
72.8%
Bill the Butcher (Gangs of New York - 2002)Daniel Day-Lewis
71.1%
Al Capone (Untouchables - 1987)Robert DeNiro
68.4%
Mr. Freeze (Batman & Robin - 1997)Arnold Schwarzenegger
68.4%
Ida Amin (Last King of Scotland - 2006)Forest Whitaker
63.2%
Lex Luthor (Superman - 1978)Gene Hackman
63.2%
Amon Goeth (Schindler's List - 1993)Ralph Fiennes
62.3%
Anton Chigurh (No Country for Old Men - 2007)Javier Bardem
62.3%
White Witch (The Chronicles of Narnia - 2008)Tilda Swinton
59.6%
Vincent (Collateral - 2004)Tom Cruise
59.6%
Villain Actor % Correct
Gollum (Lord of the Rings - 2003)Andy Serkis
56.1%
Mr. Smith (The Matrix - 1999)Hugo Weaving
55.3%
Freddy Krueger (A Nightmare on Elm Street - 1984)Robert Englund
52.6%
Headless Horseman (Sleepy Hollow - 1999)Christopher Walken
49.1%
Nurse Ratched (One Flew Over the Cuckoo's Nest - 1975)Louisa Fletcher
45.6%
Colonel Hans Landa (Inglourious Basterds - 2009)Christoph Waltz
44.7%
Wicked Witch of the West (The Wizard of Oz - 1939)Margaret Hamilton
41.2%
Lori Quaid (Total Recall - 1990)Sharon Stone
38.6%
Mary Lee Johnston (Precious - 2009)Mo'Nique
38.6%
Booth (In the Line of Fire - 1993)John Malkovich
36.8%
Delores Umbridge (Harry Potter films)Imelda Staunton
36%
Ghostface (Scream - 1996)Skeet Ulrich
28.9%
Mr. Henry Potter (It's a Wonderful Life - 1946)Lionel Barrymore
24.6%
Imhotep (The Mummy - 1999)Arnold Vosloo
17.5%
Miss. Trunchbull (Matilda - 1996)Pam Ferris
16.7%
Peter McCabe (Desperate Measures - 1998)Michael Keaton
12.3%
Dr. No (Dr. No - 1962)Joseph Wiseman
11.4%
Captain Vidal (Pan's Labyrinth - 2006)Sergi Lopez
7.9%
Maleficent (voice)(Sleeping Beauty - 1959)Eleanor Audley
7%
Percy Wetmore (Green Mile - 1999)Doug Hutchison
5.3%

You're not logged in!

Compare scores with friends on all Sporcle quizzes.
Sign Up with Email
OR
Log In

You Might Also Like...

Show Comments

Extras

Top Quizzes Today


Score Distribution

Your Account Isn't Verified!

In order to create a playlist on Sporcle, you need to verify the email address you used during registration. Go to your Sporcle Settings to finish the process.

Report this User

Report this user for behavior that violates our Community Guidelines.

Details: